[Event "Commonwealth-ch"]
[Site "Nagpur"]
[Date "2008.10.06"]
[Round "11"]
[White "Shabdhik, Varma"]
[Black "Kamath, Shreyas M"]
[Result "1/2-1/2"]
[WhiteElo "1690"]
[BlackElo "1729"]
[PlyCount "86"]
[EventDate "2008.09.28"]
[EventType "swiss"]
[EventRounds "11"]
[EventCountry "IND"]
[SourceTitle "CBM 126 Extra"]
[Source "ChessBase"]
[SourceDate "2008.11.05"]
[SourceVersion "1"]
[SourceVersionDate "2008.11.05"]
[SourceQuality "1"]

1. d4 d5 2. c4 c6 3. Nc3 Nf6 4. e3 e6 5. Nf3 Be7 6. Qc2 0-0 7. b3 Nbd7 8. Bb2 a6 9. Be2 b5 10. 0-0 Bb7 11. c5 b4 12. Na4 a5 13. Bd3 Ba6 14. Nd2 Bxd3 15. Qxd3 Re8 16. f4 g6 17. Nf3 Ne4 18. Bc1 Bf6 19. Ne5 Bxe5 20. fxe5 Qg5 21. Nb2 f6 22. Nd1 fxe5 23. Nf2 Nxf2 24. Rxf2 e4 25. Qe2 Rf8 26. Bd2 Rf5 27. Raf1 Raf8 28. Qa6 Qg4 29. Rxf5 Rxf5 30. Qxc6 Rxf1+ 31. Kxf1 Qd1+ 32. Be1 Qd3+ 33. Kf2 Nf8 34. Qa4 Qc2+ 35. Kg3 Qe2 36. Bf2 h5 37. h3 h4+ 38. Kh2 Qxf2 39. c6 Qg3+ 40. Kh1 Qe1+ 41. Kh2 Qg3+ 42. Kh1 Qe1+ 43. Kh2 Qg3+ 1/2-1/2

[Event "Commonwealth-ch"]
[Site "Nagpur"]
[Date "2008.09.30"]
[Round "4"]
[White "Dave, Shiv Shankar"]
[Black "Kamath, Shreyas M"]
[Result "1/2-1/2"]
[WhiteElo "1959"]
[BlackElo "1729"]
[PlyCount "60"]
[EventDate "2008.09.28"]
[EventType "swiss"]
[EventRounds "11"]
[EventCountry "IND"]
[SourceTitle "CBM 126 Extra"]
[Source "ChessBase"]
[SourceDate "2008.11.05"]
[SourceVersion "1"]
[SourceVersionDate "2008.11.05"]
[SourceQuality "1"]

1. e4 e5 2. Nf3 Nf6 3. Nc3 Bb4 4. Bc4 d6 5. 0-0 0-0 6. d3 Be6 7. Bg5 Bxc4 8. dxc4 Bxc3 9. bxc3 Nbd7 10. Nd2 Nc5 11. f4 Ne6 12. fxe5 dxe5 13. Bxf6 gxf6 14. g3 Kh8 15. Qe2 Rg8 16. Kh1 Rg6 17. Nf3 Rh6 18. Nh4 Rxh4 19. gxh4 Nf4 20. Qg4 Qg8 21. Rxf4 exf4 22. Qxf4 Qd8 23. Rg1 Qe7 24. Qg4 Qf8 25. Qf4 Qd6 26. Qg4 Qf8 27. Qf4 Qd6 28. Qg4 Qf8 29. Qd7 Qe8 30. Qg4 Qf8 1/2-1/2